| 000 | 00699nac a22001931u 4500 | ||
|---|---|---|---|
| 010 | _a2003004891 | ||
| 020 | _a0749439246 | ||
| 082 | 0 | 0 |
_a658 _bO971 |
| 090 |
_c1082 _d1082 |
||
| 100 | _aOwen, Jo. | ||
| 245 | 1 | 0 |
_aHard-core management / _cJo Owen. |
| 260 |
_aLondon ; _aSterling, VA : _bKogan Page,2003 _c2003. |
||
| 300 |
_aviii, 280 p. ; _c24 cm. |
||
| 504 | _aIncludes bibliographical references (p. [277]) and index. | ||
| 650 | 0 | _aManagement. | |
| 856 | 4 | 1 |
_3Table of contents _uhttp://www.loc.gov/catdir/toc/ecip041/2003004891.html |
| 942 |
_cBB _k658O971 |
||
| 999 |
_c1082 _d1082 |
||